| 000 | 00618nam a2200193 i 4500 | ||
|---|---|---|---|
| 001 | 46359 | ||
| 003 | ES-MaACL | ||
| 005 | 20230906161352.0 | ||
| 007 | t| | ||
| 008 | 030328s1910 fr ||||1| fre d | ||
| 100 | 1 |
_aConard, Pierre. _940064 |
|
| 245 | 1 | 0 |
_aNapoléon et la Catalogne 1808-1814 _b: la captivité de Barcelone (février 1808-javier 1810) / _cPierre Conard. |
| 260 |
_aParis : _bAlcan, _c1910. |
||
| 300 |
_aXLIV, 473 p. ; _c23 cm. |
||
| 490 | 1 | _aBibliothèque d'histoire contemporaine | |
| 830 | 0 |
_aBibliothèque d'histoire contemporaine _9180875 |
|
| 852 |
_aES-MaACL _jG-7537 |
||
| 999 |
_c46359 _d46359 |
||